00808 a2200217 4500010001400000020002300014035001300037037001600050082001100066090001700077100002600094245006800120250001200188260004200200270009100242300002800333500005000361942002600411999001700437952013600454 aENG-89899 a8180901065c400.00 aEN-73432 bDBAD / PUB14a954.01 c11940d119401 aGupta, Ram Prasad Das1 aCrime and punishment in Ancient India/cby Ram Prasad Das Gupta arev. ed aDelhibBharatiya Kala Prakashanc2007 a3421-A, IInd Floor, Narang Colony, Tri NagarbDelhicDelhie110035k27393083, 30967505 axii, 244p.c21 cm. (Hb) aIncludes bibliographical references & index. adplcENk954.01 / GUP c11586d11586 00102ddc40718NFICaDBADbDBADeDBAD/PUBg400.00l0o954.01 GUPpEN-73432r2008-09-15 00:00:00t1u12700v400.00w2008-09-15yEN